000 00530nam a2200157 a 4500
005 20140414132101.0
008 100717s19uu xx 00 eng d
020 _a0-7868-3036-0
050 _aM 428.1
_bL94 1999
100 _aLovitt, Chipp
245 _aThe flamingos are tickled pink :
_cChipp Lovitt; illustrated by Marshall Toomey.
_bA book of idioms /
260 _aNew York :
_bDisney Press,
_c1995.
650 _aEnglish language --Idioms
_xJuvenile literature.
650 _aAnimals
_xJuvenile literature.
999 _c114455
_d114455